00655nam a2200193 i 450000100060000000300090000600500170001500700030003200800410003524500380007626000300011430000440014449000390018871000180022783000470024585200310029299900170032395201210034092795ES-MaACL20230906181048.0t|050328s1949 fr ||||1| eng d00aList of International Agreements. aParis : bUnesco, c1949. a33-155 p. : b1 gráf. pleg ; c24 cm.1 aCopyright Bulletin. n. 4 ; vv. II2 aUnesco.969990 aCopyright Bulletin. n. 4 ; vv. II9232059 aES-MaACLjE-3451 bR.31596 c92795d92795 00104070aATENEOMbATENEOMcDEPO2d2008-01-17eSCl0oE-3451p1096871r2023-02-23 00:00:00w2023-02-23yMONOGRAFIA